| 000 | 00526nam a2200181Ia 4500 | ||
|---|---|---|---|
| 999 |
_c5667 _d5667 |
||
| 003 | OSt | ||
| 005 | 20200125133957.0 | ||
| 008 | 190216s9999||||xx |||||||||||||| ||und|| | ||
| 020 | _a8174934820 | ||
| 040 | _coclc | ||
| 082 |
_a346.082 _bGOR/B |
||
| 100 |
_aGordon, E _91016 |
||
| 245 | 0 |
_aBanking Theory Law And Practice / _cE Gordon ; K Natarajan |
|
| 250 | _a13th ed. | ||
| 260 |
_bHimalaya Publishing House, _c1998. _aMumbai: |
||
| 300 | _a491p | ||
| 942 |
_cBK _2ddc _h346.082 _iGOR/B _k346.082 _mGOR/B |
||